000 01296nam a2200193 i 4500
001 768714001
003 CO-MdFUSB
005 20220715173123.0
008 220715t1984 ck |||| |||| 00| 0 spa d
040 _bspa
_cCO-MdFUSB
_dCO-MdFUSB
041 _aspa
100 _aMarsé, Juan,
_eautor
245 _aÚltimas tardes con Teresa
_c/ Juan Marsé
300 _aVolumen 6, (1984) páginas 435 - 684 ;
_c22 cm
520 _aMarca el nacimiento del Pijoaparte, uno de los personajes más fuertes, originales y sugestivos de toda la literatura de esa época, y que parece el doble canalla del propio Marsé. La identificación autor/personaje funciona con una precisión y eficacia demoledoras, y lo que empieza siendo la historia amorosa de una niña bien, rebelde e ingenua (Teresa) y un charnego barriobajero, desarraigado y ladrón de motos (el Pijoaparte), termina como una formidable sátira y encarnación del tiempo en que transcurre esa breve, intensa y, lógicamente, calamitosa relación pasional. Hito de la literatura española contemporánea, esta obra consolidó internacionalmente el nombre de su autor.
650 7 _97089
_aLiteratura española
773 0 _067924
_981145
_aOveja Negra,
_o24695
_tMaestros de la literatura universal
_w(CO-MdFUSB)768714001
_z8482806718
942 _cBK
999 _c67975
_d67975